Paroles - Dans les yeux d'Émilie - Joe Dassin - Statistiques

Statistiques générales
  • Ce quiz a été pris 1 164 fois
  • Le résultat moyen est 189 sur 243
Statistiques - réponses
Réponse % Correct
Dans
100%
dans
100%
Le
100%
le
100%
Les
99%
les
99%
de
98%
yeux
98%
la
96%
à
95%
Et
95%
et
95%
Moi
95%
moi
95%
vie
95%
soleil
94%
d'Émilie
93%
Jour
93%
jour
93%
nuit
93%
Nuit
93%
j'avais
92%
J'avais
92%
ma
89%
l'amour
88%
au
87%
son
87%
du
86%
mélancolie
86%
Je
85%
que
85%
Québec
82%
vieux
82%
sourire
80%
quartier
79%
Émilie
74%
joie
74%
sa
74%
vivre
74%
Mais
72%
On
72%
réchauffais
71%
ont
68%
rues
66%
d'avoir
65%
l'air
65%
temps
65%
ce
64%
En
64%
pour
64%
qui
64%
Qui
64%
est
63%
l'accent
62%
plus
62%
froid
60%
j'ai
60%
Saint-Laurent
60%
fois
59%
ni
59%
première
59%
n'est
58%
l'hiver
57%
va
57%
bien
56%
mois
56%
avec
55%
chaleur
55%
durer
55%
lumière
55%
nous
55%
six
55%
Devenait
54%
D'un
53%
Quand
53%
n'ai
52%
prisonnier
52%
reviendra ?
52%
l'été
49%
deux
48%
l'an
48%
maisons
48%
mille
48%
vient
48%
gens
47%
jours
47%
voisine
47%
peut
46%
pieds
46%
Sans
46%
secs
46%
décembre
45%
grand
45%
grises
45%
croire
44%
dirait
44%
d'éclater
43%
espérer
43%
printemps
43%
retour
43%
C'est
41%
nuits
41%
sortent
41%
temps-là
41%
terre
41%
aux
40%
enfants
40%
dos
39%
tourne
39%
éclaircie
38%
fête
36%
ressemblent
36%
toits
33%
redeviennent
31%
verts
31%
Aucun quiz correspondant
Distribution des résultats
% des personnes avec chaque résultat
Percentile par nombre de réponses
Votre historique - résultats
Vous n’avez pas pris ce quiz